000 00468nam a2200205Ia 4500
001 13429
003 GE_BSU
008 181216s||||||||xx |||||||||||||| ||und||
020 _a0006514391
040 _cGE_BSU
080 _a821.111-3
100 _aBradford,Barbara Taylor
245 4 _aThe Triumph of Katie Byrne
260 _aLondon
260 _bHarper Collins
260 _c2001
300 _a425p.17cm.
653 _aThe Triumph of Katie Byrne
942 _cBK
999 _c46589
_d46589